| 000 | 00542nam a2200205Ia 4500 | ||
|---|---|---|---|
| 003 | OSt | ||
| 005 | 20230531094739.0 | ||
| 008 | 210423s2005 xx 000 0 und d | ||
| 020 | _a81-89011-82-0 | ||
| 040 | _cAL | ||
| 041 | _aeng | ||
| 082 | _a631.584 GUPO | ||
| 100 |
_aGUPTA (Hari Mohan),Ed. _9117523 |
||
| 245 | _aOrganic farming and sustainable agriculture | ||
| 260 |
_aIndia _bABDPublishers _c2005 |
||
| 300 |
_axii,224 _bPB |
||
| 365 |
_b575 _cINR |
||
| 906 | _aagriculture ; farming ; Organic ; sustainable | ||
| 942 |
_2ddc _cBK |
||
| 999 |
_c176341 _d176341 |
||